|
|
|
|
| LEADER |
00710nam a2200181Ia 4500 |
| 001 |
CTU_26800 |
| 008 |
210402s9999 xx 000 0 und d |
| 082 |
|
|
|a 543
|
| 082 |
|
|
|b TH107/1986
|
| 100 |
|
|
|a Tạ Thị Phương Thanh
|
| 245 |
|
0 |
|a Điều chế Calcium Gluconate bằng phương pháp điện phân
|
| 245 |
|
0 |
|b Luận văn tốt nghiệp Đại học Sư phạm ngành Hóa Khóa 08
|
| 245 |
|
0 |
|c Tạ Thị Phương Thanh
|
| 260 |
|
|
|a Cần Thơ
|
| 260 |
|
|
|b Trường Đại học Cần Thơ, Khoa Sư phạm, Bộ môn Hóa
|
| 260 |
|
|
|c 1986
|
| 904 |
|
|
|i Nguyễn Quang Điền, 981020
|
| 980 |
|
|
|a Trung tâm Học liệu Trường Đại học Cần Thơ
|